000 00609nam a2200241 a 4500
001 nice12345678
003 IN_TiNIC
005 20260116011717.0
008 050524s1973 tria grp 000 0 eng
020 _a
_c100
082 0 0 _a230
_bENG
100 _aEngland, John
245 _aTheology in Action
_b a Workshop for Malaysia and Singapore
260 _aTrivandrum
_bEast Asia Christian Conference
_c1973
300 _a82p
500 _aincludes index and biblioraphy
505 2 _aAppendix
650 _aTheology
700 1 _aEngland, John
902 _bSRS
942 _cBK
999 _c3486
_d3486